| 000 | 01877nam0a22002891 4500 | ||
|---|---|---|---|
| 001 | rc\4204903 | ||
| 005 | 20260407103707.0 | ||
| 021 |
_aRU _b[50-33146] |
||
| 035 | _a(NLR Aleph) 008205208 | ||
| 090 |
_a8061606 _c8061606 |
||
| 100 | _a20130415d1950 |||y0rusy50 ca | ||
| 101 | 0 | _arus | |
| 102 | _aRU | ||
| 105 | _aa z ||||| | ||
| 200 | 1 |
_aРабота клубов и изб-читален среди избирателей _e[Сборник] _fКом. по делам культ.-просвет. учреждений при Совете министров РСФСР. Центр. науч.-метод. кабинет культ.-просвет. работы |
|
| 210 |
_aМосква _cГоскультпросветиздат _d1950 _gТип. ЦБТИ МЭП |
||
| 215 |
_a56 с. _cил. _d22 |
||
| 327 | 1 | _aСодерж.: Наше участие в избирательной кампании: [Городен. сельский клуб] / С. Малькин. Из опыта клубной работы: [Обзор] | |
| 464 | 0 |
_12001#$aИз опыта клубной работы$e[Обзор] _tИз опыта клубной работы |
|
| 464 | 0 |
_12001#$aНаше участие в избирательной кампании _1700#1$aМалькин$bС. _tНаше участие в избирательной кампании _aМалькин, С. |
|
| 606 |
_aКультурно-просветительные учреждения, сельские _xУчастие в избирательных кампаниях _jСборники _2psbo |
||
| 712 | 0 | 2 |
_aЦентральный научно-методический кабинет культурно-просветительной работы _cМосква _9360759 _3RU\NLR\AUTH\889932747 |
| 801 | 0 |
_aRU _bNLR _gpsbo |
|
| 801 | 1 |
_aRU _bELAR _2rusmarc |
|
| 852 |
_aNLR _jПр80 Г-6/46 |
||
| 942 | _cBOOK | ||
| 980 | _aNB | ||